00483 2200181 4500001002100000005001500021008004100036020001800077035001900095041000700114082001000121090001600131100002100147245005500168260003300223300002700256650001800283INLIS00000000000171520241224112412241224||||||||| | ||| |||| || |  a973-730-872-8 0010-1224001715 aid0 a398.2 a398.2 YUL r0 aYuliadi Soekardi00aRatu Pantai Selatan Nyi Blorong dan Nyi Roro Kidul aBandungbPustaka Setiac2007 a152 hlm.: ilus.; 27 cm 0aCerita Rakyat